Бизнес стратегии, планове, бюджети (Запис номер 130733)
[ съкратено ]
| 000 -Лидер | |
|---|---|
| Контролно поле с фиксирана дължина | 01855nam a2200409 c 4500 |
| 003 - Код на организацията, давaща контролен номер | |
| Контролно поле | BLK |
| 005 - Дата и час на последна редакция | |
| Контролно поле | 20221021174931.0 |
| 008 - Елементи от данни с фиксирана дължина | |
| fixed length control field | 180409b bul|||||r ||||||| ||bul|| |
| 010 ## - Наследен системен номер | |
| LC control number | KNG00136521000 |
| 020 ## - Международен стандартен номер на книга ISBN | |
| Международен стандартен номер на книга ISBN | 978-954-28-0975-3 |
| -- | издат.: Ciela Soft and Publ. |
| 040 ## - Източник на каталожния запис | |
| Идентификатор на билиотеката - собственик на записа | BLK |
| 041 ## - Код за език | |
| Код за езика на текст/звукозапис или на отделно заглавие | Български |
| Код за езика КДБФ | Български |
| 072 #7 - Код за тематичната категория | |
| Код организация | bullib |
| Код за тематична категория | Н33 |
| Текст | Икономика Н |
| 080 ## - УДК | |
| Текстов определител УДК | Стопански планове. Стопанско планиране |
| УДК код - определител по УДК | 338.26 |
| УДК определител | |
| УДК - код + определител | 338.26 |
| 080 ## - УДК | |
| Текстов определител УДК | Бизнес план на фирми. Фирмено планиране (+658.012.2+338.26) |
| УДК код - определител по УДК | 334.72.008.5 |
| УДК определител | |
| УДК - код + определител | 334.72.008.5 |
| 080 ## - УДК | |
| Текстов определител УДК | Финанси на стопанските организации (вкл. финансиране и управление на финансите). Финанси на стопанския сектор |
| УДК код - определител по УДК | 336.6 |
| УДК определител | |
| УДК - код + определител | 336.6 |
| 100 1# - Редна дума - Автор | |
| Автор | Славова, Ирена Александрова |
| Авторска отговорност | първи автор |
| R(LIN) | 260181 |
| 139 ## - Редно поле | |
| Редна дума | Славова, Ирена Александрова |
| Авторски знак | Слави - С 43 |
| 245 10 - Сведения за заглавието | |
| Заглавие | Бизнес стратегии, планове, бюджети |
| Редно поле (дума) | Ирена Александрова Славова. |
| 257 ## - Страна на издаване | |
| Страна на създаване/издаване | България |
| 260 ## - Област на издателските данни | |
| -- | София |
| Име на издателя, разпространителя и проч. | Ciela Soft and Publ. |
| Година на издаване | 2011 |
| 300 ## - Физическа характеристика | |
| Страници | 380 с. |
| Илюстрации и др. | с табл., сх. |
| Размери/Мащаб | 23 см |
| 380 ## - Жанр | |
| Жанр | Обществени науки |
| 650 #4 - Допълнително описание по предмет – тема | |
| Основно описание – тема или топоним | Планиране |
| 9 (RLIN) | 166472 |
| 650 #4 - Допълнително описание по предмет – тема | |
| Основно описание – тема или топоним | Стопански предприятия - планиране |
| 9 (RLIN) | 274610 |
| 650 #4 - Допълнително описание по предмет – тема | |
| Основно описание – тема или топоним | Стопански предприятия - финанси |
| 9 (RLIN) | 262232 |
| 653 ## - Ключова дума – ненормативна | |
| Ключова дума | стратегическо планиране |
| 653 ## - Ключова дума – ненормативна | |
| Ключова дума | бизнес план |
| 653 ## - Ключова дума – ненормативна | |
| Ключова дума | маркетингов план |
| 653 ## - Ключова дума – ненормативна | |
| Ключова дума | парични потоци |
| 659 ## - Тематичен бюлетин | |
| Тематичен бюлетин | Н |
| 852 ## - Местоположение | |
| Форматна сигнатура | Цб 256947 |
| 856 4# - Електронен адрес и достъп | |
| Електронен формат | pdf - файл |
| Път до файла /url/ | |
| 856 4# - Електронен адрес и достъп | |
| Електронен формат | pdf - файл |
| Път до файла /url/ | |
| 942 ## - АРТИКУЛИ | |
| Вид на библиотечния материал | Книги |
| Скрит в OPAC | Не |
| Koha issues (borrowed), all copies | 6 |
| 944 ## - СЪЗДАВАНЕ И РЕДАКЦИЯ на ЗАПИСА | |
| Създаване/Редакция | Създаване |
| Дата на регистрацията/редакция | 27.11.2012 |
| Служител, извършил регистрацията/редакцията | Ренета_Константинова |
| 944 ## - СЪЗДАВАНЕ И РЕДАКЦИЯ на ЗАПИСА | |
| Създаване/Редакция | Редакция |
| Дата на регистрацията/редакция | 29.10.2013 |
| Служител, извършил регистрацията/редакцията | |
| 999 ## - СИСТЕМНИ КОНТРОЛНИ НОМЕРА | |
| Koha biblionumber | 130733 |
| Koha biblioitemnumber | 130733 |
| Код за отписване | Код за изгубен артикул | Код за повреда | Коз за рестрикции | Код за отдаване | Артикулен № | Име на библиотеката - собственик | Име на библиотеката, в която се намира в момента | Статус (Текущо местоположение) | Дата на вписване в системата | Местоположение - отдел | Цена в лева | Инвентарен номер | Систематично азбучна сигнатура | Баркод | Номер на екземпляра | Цена в евро | Служебна бележка | Служебен тип на артикула |
|---|---|---|---|---|---|---|---|---|---|---|---|---|---|---|---|---|---|---|
| Не е изгубен | Не е повреден | без рестрикции | заемане за дома | 212831 | Регионална библиотека "Любен Каравелов" Русе | Регионална библиотека "Любен Каравелов" Русе | Заемна - подръчен фонд | 2012-11-23 | Заемна - подръчен фонд | 8.40 | 120000761353 | П 338.2/С 43 | 120000761353 | 1 | 4.29 | Дост: Pk Вид: Ф N: 0000105728 Дата: 21.11.2012 Дата инв: 05.02.2018 Бележки инв: П2018 | Книги | |
| Не е изгубен | Не е повреден | без рестрикции | ползва се в читалня | 212832 | Регионална библиотека "Любен Каравелов" Русе | Регионална библиотека "Любен Каравелов" Русе | Читалня | 2012-11-23 | Читалня | 8.40 | 120000761354 | Ч 338/С 43 | 120000761354 | 2 | 4.29 | Дост: Pk Вид: Ф N: 0000105728 Дата: 21.11.2012 Дата инв: 23.03.2017 Бележки инв: Ч2017 | Книги |